| 000 | 00434nam a2200145Ia 4500 | ||
|---|---|---|---|
| 008 | 220217s9999||||xx |||||||||||||| ||und|| | ||
| 020 | _a978-0-07-058511-9 | ||
| 082 | _a658.81 SPI | ||
| 100 |
_aSpiro, Rosann, L, Stanton, William, J and Rich, Gregory, A _95575 |
||
| 245 | 0 | _aManagement of a sales force | |
| 250 | _a11th | ||
| 260 |
_aTata mcgraw hill company Ltd _bNew Delhi _c2007 |
||
| 300 | _b360 | ||
| 650 | _aMANAGEMENT | ||
| 999 |
_c176593 _d176593 |
||